00000000nam##2200000za#4500
0019.528574
003CaOODSP
00520210615083036
007ta
008150406|1997||||xxc|||||     f|0| 0 eng|d
020 |a0-660-60200-8
022 |a0706-148X
040 |aCaOODSP|beng
041 |aeng
041 |afre
043 |an-cn---
0861 |aS52-2/236-1997
1101 |aCanada.|bPublic Works and Government Services Canada. |bTranslation Services.
24510|aTerminology used by Parks Canada / |cby Sylvie Bouchard et Hélène Gélinas-Surprenant. Issued jointly by the Toponymy and Terminology Committee, Parks Canada.
260 |aOttawa - Ontario : |bPublic Works and Government Services Canada. |c1997.
300 |a456p. ; |c22 cm.
4901 |aTerminology bulletin|x0706-148X|v236
500 |a"The fields most represented in this work are recreational activities, ecology, facilities, and the administration of national parks and national historic sites."--Introduction.
5203 |aBulletin 236. By Sylvie Bouchard et Hélène Gélinas-Surprenant. Drawing from a wide range of publications produced by Parks Canada, this publication details the terminology and toponymy used by the Department. This publication is an essential communications tool for all those interested in natural and cultural heritage fields, whether they are managers, biologists, curators, editors, translators or journalists. Includes appendixes.
546 |aBilingual
563 |aSoftcover
590 |a97-13|b1997-03-27
7201 |aBouchard, Sylvie
7201 |aGélinas-Surprenant, Hélène
7760#|tTerminologie en usage à Parcs Canada / |w(CaOODSP)9.590570
792 |tTerminologie en usage à Parcs Canada / |efre|w(CaOODSP)9.528575
830#0|aTerminology bulletin,|x0706-148X|v236|w(CaOODSP)9.509598